Objects of the past in the past : investigating the significance of earlier artefacts in later contexts /
How did past communities view, understand and communicate their pasts? And how can we, as archaeologists, understand this? In recent years these questions have been approached through studies of the extended occupation and use of landscapes, monuments and artefacts to explore concepts of time and me...
مؤلفون آخرون: , ,
التنسيق: كتاب الكتروني
اللغة: English
منشور في:
Oxford :
Archaeopress Publishing Ltd.,
2019.
سلاسل:
Access archaeology.
الموضوعات:
الوصول للمادة أونلاين: Login to view Source
الوسوم: إضافة وسم
رقم الطلب: CC175
| LEADER | 02490nam a2200421 i 4500 | ||
|---|---|---|---|
| 001 | EDZ0002070736 | ||
| 003 | StDuBDS | ||
| 005 | 20230412182546.0 | ||
| 006 | m|||||o||d|||||||| | ||
| 007 | cr ||||||||||| | ||
| 008 | 190620s2019 enka fob 000|0|eng|d | ||
| 020 | |a 9781789692495 (PDF ebook) : |c No price | ||
| 040 | |a StDuBDS |b eng |c StDuBDS |e rda |e pn | ||
| 050 | 4 | |a CC175 | |
| 082 | 0 | 4 | |a 930.1 |2 23 |
| 245 | 0 | 0 | |a Objects of the past in the past : |b investigating the significance of earlier artefacts in later contexts / |c edited by Matthew G. Knight, Dot Boughton and Rachel E. Wilkinson. |
| 264 | 1 | |a Oxford : |b Archaeopress Publishing Ltd., |c 2019. | |
| 300 | |a 1 online resource (x, 180 pages) : |b illustrations (black and white, and colour). | ||
| 336 | |a text |2 rdacontent | ||
| 336 | |a still image |2 rdacontent | ||
| 337 | |a computer |2 rdamedia | ||
| 338 | |a online resource |2 rdacarrier | ||
| 490 | 1 | |a Access archaeology | |
| 504 | |a Includes bibliographical references. | ||
| 520 | 8 | |a How did past communities view, understand and communicate their pasts? And how can we, as archaeologists, understand this? In recent years these questions have been approached through studies of the extended occupation and use of landscapes, monuments and artefacts to explore concepts of time and memory. But what of objects that were already old in the past? Interpretations for these items have ranged from the discard of scrap to objects of veneration. Evidence from a range of periods would suggest objects of the past were an important part of many later societies that encountered them, either as heirlooms with remembered histories or rediscovered curiosities from a more distant past. This volume brings together a range of case studies in which objects of the past were encountered and reappropriated. | |
| 521 | |a Specialized. | ||
| 588 | |a Description based on online resource; title from PDF title page (viewed on 19 August, 2019). | ||
| 650 | 0 | |a Antiquities. | |
| 650 | 0 | |a Antiquities |x Interpretive programs |x History. | |
| 700 | 1 | |a Knight, Matthew G., |e editor. | |
| 700 | 1 | |a Boughton, Dot, |e editor. | |
| 700 | 1 | |a Wilkinson, Rachel E., |e editor. | |
| 776 | 0 | 8 | |i Print version : |z 9781789692488 |
| 830 | 0 | |a Access archaeology. | |
| 856 | 4 | 0 | |3 Archaeopress |u http://library.arce.org:8087/Archaeopress/Products/9781789692488 |
| 942 | |2 lcc |c EBOOK | ||
| 952 | |0 0 |1 0 |4 0 |6 CC0175 |7 1 |9 46571 |a ARCH |b ARCH |d 2023-04-12 |l 0 |o CC175 |r 2023-04-12 00:00:00 |w 2023-04-12 |y EBOOK | ||
| 999 | |c 52229 |d 52229 | ||
